Ancient Delhi / (Record no. 17159)

MARC details
000 -LEADER
fixed length control field 00574nam a22002057a 4500
005 - DATE AND TIME OF LATEST TRANSACTION
control field 2008102105175.0
008 - FIXED-LENGTH DATA ELEMENTS--GENERAL INFORMATION
fixed length control field 081021t xxu||||| |||| 00| 0 eng d
010 ## - LIBRARY OF CONGRESS CONTROL NUMBER
LC control number ENG-84197
020 ## - INTERNATIONAL STANDARD BOOK NUMBER
International Standard Book Number 0195684052
020 ## - INTERNATIONAL STANDARD BOOK NUMBER
Terms of availability 245.00 (pbk)
035 ## - SYSTEM CONTROL NUMBER
System control number EN-67730
082 ## - DEWEY DECIMAL CLASSIFICATION NUMBER
Classification number 954.16
100 ## - MAIN ENTRY--PERSONAL NAME
Personal name Upinder Singh
245 ## - TITLE STATEMENT
Title Ancient Delhi /
Statement of responsibility, etc by Upinder Singh
260 ## - PUBLICATION, DISTRIBUTION, ETC. (IMPRINT)
Place of publication, distribution, etc New Delhi
Name of publisher, distributor, etc Oxford University Press
260 ## - PUBLICATION, DISTRIBUTION, ETC. (IMPRINT)
Date of publication, distribution, etc 2006
300 ## - PHYSICAL DESCRIPTION
Extent xxxviii,114p
Dimensions 22cm
500 ## - GENERAL NOTE
General note Includes bibliographical references and index
942 ## - ADDED ENTRY ELEMENTS (KOHA)
Source of classification or shelving scheme Dewey Decimal Classification
Koha item type English Books
Classification part 954.16
Call number suffix UPI

No items available.


© Delhi Public Library
Hit Counter
free hit counter